00979cam a22002295a 450000100090000000300040000900500170001300800410003001000170007102000150008804000260010304200100012905000220013924501270016124600620028826000540035030000380040450001840044250400600062670000210068671000420070714241650OSt20220706123106.0060126s2005 ke a b 001 0 eng  a 2006306114 a9966710906 aDLCcALUPE UNIVERSITY alcode aRA1022b.F67 200500aConcise text and manual of forensic medicine, medical law, and ethics in East Africa /c[editors], Dada M.A. ... [et al.].30aForensic medicine, medical law, and ethics in East Africa aNairobi :bIndependent Medico-Legal Unit,cc2005. aiv, 340 p. :bcol. ill. ;c25 cm. a"With various contributors from East Africa; for judicial, legal, medical, and law enforcement officers, and all persons with interest in forensic medicine in East Africa"--Cover. aIncludes bibliographical references (p. 334) and index.1 aDada, Mahomed A.2 aIndependent Medico-Legal Unit (Kenya)